Team building: blueprints for productivity and satisfaction. (Record no. 99098)

MARC details
000 -LEADER
fixed length control field 00392nam a2200133Ia 4500
008 - FIXED-LENGTH DATA ELEMENTS--GENERAL INFORMATION
fixed length control field 210210b1995 xxu||||| |||| 00| 0 eng d
082 ## - DEWEY DECIMAL CLASSIFICATION NUMBER
Classification number 153.4 REDT
100 ## - MAIN ENTRY--PERSONAL NAME
Personal name REDDY (W Brendan) and JAMISON (Kaleel), Eds.
245 ## - TITLE STATEMENT
Title Team building: blueprints for productivity and satisfaction.
260 ## - PUBLICATION, DISTRIBUTION, ETC.
Place of publication, distribution, etc. ND
Name of publisher, distributor, etc. S. Chand & Co. Ltd.
Date of publication, distribution, etc. 1995
300 ## - PHYSICAL DESCRIPTION
Extent xii,202
690 ## - LOCAL SUBJECT ADDED ENTRY--TOPICAL TERM (OCLC, RLIN)
Topical term or geographic name as entry element Psychology
906 ## - LOCAL DATA ELEMENT F, LDF (RLIN)
a 050190
Holdings
Withdrawn status Lost status Damaged status Not for loan Collection code Home library Current library Shelving location Date acquired Cost, normal purchase price Total Checkouts Full call number Barcode Date last seen Price effective from Koha item type
          St Aloysius Library St Aloysius Library   02/17/2021 595.00   153.4 REDT 050190 02/17/2021 02/17/2021 Book